|
|
|
|
| LEADER |
01567nam a22003974a 4500 |
| 001 |
EBC3417101 |
| 003 |
MiAaPQ |
| 005 |
20200520144314.0 |
| 006 |
m o d | |
| 007 |
cr cn||||||||| |
| 008 |
050121s2005 miua sb 001 0 eng |
| 010 |
|
|
|z 2005001759
|
| 020 |
|
|
|z 0880993189 (pbk. : alk. paper)
|
| 020 |
|
|
|z 0880993197 (hardcover : alk. paper)
|
| 035 |
|
|
|a (MiAaPQ)EBC3417101
|
| 035 |
|
|
|a (Au-PeEL)EBL3417101
|
| 035 |
|
|
|a (CaPaEBR)ebr10103892
|
| 035 |
|
|
|a (OCoLC)60425859
|
| 040 |
|
|
|a MiAaPQ
|c MiAaPQ
|d MiAaPQ
|
| 043 |
|
|
|a n-us---
|
| 050 |
|
4 |
|a HV95
|b .K474 2005
|
| 082 |
0 |
4 |
|a 362.85/2/0869420973
|2 22
|
| 100 |
1 |
|
|a King, Christopher T.
|
| 245 |
1 |
0 |
|a Welfare and work
|h [electronic resource] :
|b experiences in six cities /
|c Christopher T. King, Peter R. Mueser.
|
| 260 |
|
|
|a Kalamazoo, Mich. :
|b W.E. Upjohn Institute for Employment Research,
|c 2005.
|
| 300 |
|
|
|a xii, 195 p. :
|b ill.
|
| 504 |
|
|
|a Includes bibliographical references (p. 175-183) and index.
|
| 533 |
|
|
|a Electronic reproduction. Ann Arbor, MI : ProQuest, 2015. Available via World Wide Web. Access may be limited to ProQuest affiliated libraries.
|
| 650 |
|
0 |
|a Public welfare
|z United States.
|
| 650 |
|
0 |
|a Welfare recipients
|x Employment
|z United States.
|
| 650 |
|
0 |
|a Poor women
|x Employment
|z United States.
|
| 651 |
|
0 |
|a United States
|x Social policy
|y 1993-
|
| 655 |
|
4 |
|a Electronic books.
|
| 700 |
1 |
|
|a Mueser, Peter R.,
|d 1952-
|
| 710 |
2 |
|
|a ProQuest (Firm)
|
| 856 |
4 |
0 |
|u https://ebookcentral.proquest.com/lib/matrademy/detail.action?docID=3417101
|z Click to View
|